Les pays limitrophes #2 - Statistiques

Statistiques générales
  • Ce quiz a été pris 71 fois
  • Le résultat moyen est 44 sur 63
Statistiques - réponses
Question Tuile Select % Correct
pays limitrophes de l'Iran ? Irak Oui
97%
pays limitrophes de l'Allemagne ? France Oui
92%
pays limitrophes de l'Allemagne ? Pays-Bas Oui
92%
pays limitrophes de l'Allemagne ? Pologne Oui
90%
pays limitrophes de l'Ethiopie ? Érythrée Oui
88%
pays limitrophes du Brésil ? France Oui
88%
pays limitrophes du Brésil ? Guyana Oui
88%
pays limitrophes du Brésil ? Panama Non
88%
pays limitrophes de l'Ethiopie ? Tanzanie Non
88%
pays limitrophes de l'Allemagne ? Autriche Oui
87%
pays limitrophes de l'Allemagne ? Luxembourg Oui
87%
pays limitrophes du Brésil ? Paraguay Oui
87%
pays limitrophes de l'Arabie Saoudite ? Qatar Oui
87%
pays limitrophes de l'Ethiopie ? Somalie Oui
87%
pays limitrophes du Brésil ? Uruguay Oui
87%
pays limitrophes de l'Arabie Saoudite ? Oman Oui
85%
pays limitrophes du Brésil ? Bolivie Oui
83%
pays limitrophes de l'Arabie Saoudite ? Émirats arabes unis Oui
83%
pays limitrophes de l'Allemagne ? Danemark Oui
82%
pays limitrophes de l'Allemagne ? Slovaquie Non
82%
pays limitrophes de l'Ethiopie ? Soudan du Sud Oui
82%
pays limitrophes de l'Iran ? Arabie Saoudite Non
78%
pays limitrophes du Brésil ? Chili Non
78%
pays limitrophes de l'Ethiopie ? Djibouti Oui
78%
pays limitrophes de l'Arabie Saoudite ? Koweït Oui
78%
pays limitrophes du Brésil ? Venezuela Oui
78%
pays limitrophes de l'Iran ? Koweït Non
77%
pays limitrophes de l'Arabie Saoudite ? Iran Non
75%
pays limitrophes de l'Allemagne ? Belgique Oui
73%
pays limitrophes de l'Ethiopie ? Egypte Non
73%
pays limitrophes de l'Arabie Saoudite ? Israël Non
73%
pays limitrophes de l'Ukraine ? Russie Oui
73%
pays limitrophes de l'Ethiopie ? Ouganda Non
72%
pays limitrophes du Brésil ? Equateur Non
70%
pays limitrophes de l'Ukraine ? Biélorussie Oui
67%
pays limitrophes de l'Allemagne ? Liechtenstein Non
67%
pays limitrophes de l'Iran ? Pakistan Oui
67%
pays limitrophes de l'Iran ? Azerbaïdjan Oui
65%
pays limitrophes de l'Ukraine ? Géorgie Non
65%
pays limitrophes de l'Ethiopie ? Soudan Oui
65%
pays limitrophes de l'Arabie Saoudite ? Irak Oui
63%
pays limitrophes du Mali ? Sénégal Oui
63%
pays limitrophes du Mali ? Sierra Leone Non
63%
pays limitrophes du Mali ? Liberia Non
62%
pays limitrophes du Mali ? Niger Oui
62%
pays limitrophes de l'Ukraine ? Roumanie Oui
62%
pays limitrophes du Mali ? Guinée Bissau Non
60%
pays limitrophes de l'Arabie Saoudite ? Jordanie Oui
60%
pays limitrophes de l'Ethiopie ? Kenya Oui
60%
pays limitrophes de l'Ukraine ? Lituanie Non
60%
pays limitrophes du Mali ? Maroc Non
60%
pays limitrophes de l'Iran ? Syrie Non
60%
pays limitrophes de l'Iran ? Turquie Oui
58%
pays limitrophes de l'Ukraine ? Bulgarie Non
55%
pays limitrophes du Mali ? Ghana Non
55%
pays limitrophes de l'Ukraine ? Moldavie Oui
55%
pays limitrophes du Mali ? Côte d'Ivoire Oui
52%
pays limitrophes du Mali ? Guinée Oui
52%
pays limitrophes de l'Iran ? Arménie Oui
43%
pays limitrophes de l'Arabie Saoudite ? Bahreïn Non
40%
pays limitrophes de l'Ukraine ? Slovaquie Oui
33%
pays limitrophes de l'Ukraine ? Hongrie Oui
28%
pays limitrophes de l'Iran ? Jordanie Oui
22%
Aucun quiz correspondant
Distribution des résultats
% des personnes avec chaque résultat
Percentile par nombre de réponses
Votre historique - résultats
Vous n’avez pas pris ce quiz